| 000 | 00463nam a2200169 i 4500 | ||
|---|---|---|---|
| 001 | 118961 | ||
| 003 | ES-MaACL | ||
| 005 | 20230906191219.0 | ||
| 007 | t| | ||
| 008 | 070214s1913 fr r ||||1| fre d | ||
| 100 | 1 |
_aPicard, Emile. _991773 |
|
| 245 | 1 | 2 |
_aL'oeuvre de Henri Poincaré / _cpar Émile Picard. |
| 260 |
_aParis : _bGauthier-Villars, _c1913. |
||
| 300 |
_a22 p. ; _c29 cm. |
||
| 600 | 0 | 4 |
_aPoincaré, Henri. _992751 |
| 852 |
_aES-MaACL _jT-1400-F-10 |
||
| 999 |
_c118961 _d118961 |
||